Regioni italiane più pianeggianti - Statistics

Statistiche generali
  • Questo quiz è stato fatto 52 volte
  • Il punteggio medio è 7 su 8
Statistiche sulle risposte
Territorio pianeggiante (%) Regione % Corretto
47,8 Emilia-Romagna
100%
47,0 Lombardia
95%
56,4 Veneto
93%
53,3 Puglia
90%
38,1 Friuli-Venezia Giulia
83%
19,9 Lazio
83%
26,4 Piemonte
80%
18,5 Sardegna
73%
Nessun quiz corrispondente trovato
Distribuzione punteggi
Percentuale di utenti per punteggio
Percentile per numero di risposta
I tuoi punteggi nel tempo
Non hai fatto questo quiz